[Event "AUT-ch U10 Girls"]
[Site "Velden"]
[Date "2014.06.20"]
[Round "3"]
[White "Novak, Eos Isabella Maria"]
[Black "Rumpold, Lena"]
[Result "0-1"]
[WhiteElo "885"]
[BlackElo "1010"]
[PlyCount "42"]
[EventDate "2014.06.20"]
[EventType "swiss"]
[EventRounds "7"]
[EventCountry "AUT"]
[SourceTitle "EXT 2016"]
[Source "ChessBase"]
[SourceDate "2015.10.08"]
[SourceVersion "1"]
[SourceVersionDate "2015.10.08"]
[SourceQuality "1"]

1. e4 e5 2. Bc4 Nf6 3. d3 Bc5 4. Nf3 d6 5. Ng5 Be6 6. Bb5+ c6 7. Ba4 0-0 8. Bb3 d5 9. exd5 cxd5 10. 0-0 Ng4 11. Nxe6 fxe6 12. Qxg4 Nc6 13. Qxe6+ Rf7 14. Bxd5 Nd4 15. Qg4 Qxd5 16. c4 Qd8 17. Bg5 Qf8 18. Re1 Nc2 19. Rxe5 Rxf2 20. h3 Rf1+ 21. Kh2 Bd6 0-1